[Event "BSF VM 2021-2022 Gr. C"]
[Site "Bergisch Gladbach"]
[Date "2021.10.29"]
[Round "1.2"]
[White "Zimmermann, Wolfgang"]
[Black "Fittkau, Rolf"]
[Result "1-0"]
[WhiteElo "1261"]
[BlackElo "1161"]
[PlyCount "53"]
[EventDate "2021.??.??"]

1. d4 d5 2. c4 c6 3. Nc3 Nf6 4. Nf3 Bg4 5. e3 e6 6. a3 Be7 7. h3 Bh5 8. Be2 h6
9. O-O O-O 10. Bd2 Nbd7 11. Rc1 Re8 12. cxd5 cxd5 13. Nb5 Rc8 14. Nxa7 Rxc1 15.
Bxc1 Qb6 16. Nb5 Bxf3 17. gxf3 e5 18. a4 e4 19. f4 Bb4 20. Qc2 Nb8 21. Qb3 Nc6
22. f3 Rd8 23. Rd1 Na5 24. Qxb4 Nc6 25. Qe1 Ne7 26. Bd2 Nf5 27. Ba5 1-0

[Event "BSF VM 2021-2022 Gr. C"]
[Site "Bergisch Gladbach"]
[Date "2021.10.29"]
[Round "1.4"]
[White "Nölle, Lisa"]
[Black "Melenk, Hartmut"]
[Result "1-0"]
[WhiteElo "1363"]
[BlackElo "822"]
[PlyCount "54"]
[EventDate "2021.??.??"]

1. d4 Nf6 2. Bf4 g6 3. e3 Bg7 4. Bd3 O-O 5. h4 d6 6. h5 Nxh5 7. Rxh5 c5 8. Rh1
cxd4 9. exd4 Bxd4 10. c3 Qa5 11. Nf3 Nc6 12. Kf1 e5 13. Bd2 Qb6 14. cxd4 Qxb2
15. Bc3 Qb6 16. dxe5 Bg4 17. Qd2 Bxf3 18. Qh6 Bh5 19. Rxh5 Rfe8 20. Qxh7+ Kf8
21. Qh8+ Ke7 22. Qf6+ Kd7 23. Rh7 Nd8 24. Bxg6 Re6 25. Bf5 Rc8 26. Bxe6+ Nxe6
27. Qxf7+ Kc6 1-0

[Event "BSF VM 2021-2022 Gr. C"]
[Site "Bergisch Gladbach"]
[Date "2021.11.05"]
[Round "2.2"]
[White "Hoferichter, Michael"]
[Black "Nölle, Michael"]
[Result "1-0"]
[WhiteElo "1464"]
[BlackElo "1464"]
[PlyCount "61"]
[EventDate "2021.??.??"]

1. d4 f5 2. c4 Nf6 3. Nc3 e6 4. a3 d5 5. e3 c6 6. Nf3 Nbd7 7. cxd5 exd5 8. Be2
Ne4 9. O-O Be7 10. Nxe4 fxe4 11. Nd2 O-O 12. f3 Bg5 13. Nb3 Nf6 14. f4 Bh6 15.
g4 g5 16. f5 b6 17. Bd2 a5 18. a4 Ba6 19. Bxa6 Rxa6 20. Be1 Qd6 21. Qe2 Ra7 22.
Rf2 Kh8 23. Rc1 Rg8 24. Qd1 Bf8 25. Rfc2 Rc7 26. Bg3 Qb4 27. Bxc7 Qxb3 28. Rc3
Qxd1+ 29. Rxd1 Nxg4 30. h3 Nh6 31. Be5+ 1-0

[Event "BSF VM 2021-2022 Gr. C"]
[Site "Bergisch Gladbach"]
[Date "2021.11.05"]
[Round "2.3"]
[White "Melenk, Hartmut"]
[Black "Zimmermann, Wolfgang"]
[Result "0-1"]
[WhiteElo "822"]
[BlackElo "1261"]
[PlyCount "40"]
[EventDate "2021.??.??"]

1. Nf3 d5 2. g3 c5 3. Bg2 Nc6 4. O-O Nf6 5. c3 e6 6. d4 cxd4 7. Nxd4 Nxd4 8.
cxd4 Be7 9. Bf4 Bd7 10. Nc3 Rc8 11. Qd3 a6 12. Rac1 O-O 13. e4 dxe4 14. Nxe4
Bb5 15. Rxc8 Qxc8 16. Nd6 Bxd6 17. Qc3 Bxf4 18. Qxc8 Rxc8 19. Bxb7 Rc7 20. Bf3
Bxf1 0-1

[Event "BSF VM 2021-2022 Gr. C"]
[Site "Bergisch Gladbach"]
[Date "2021.11.19"]
[Round "3.2"]
[White "Fittkau, Rolf"]
[Black "Melenk, Hartmut"]
[Result "1-0"]
[WhiteElo "1161"]
[BlackElo "822"]
[PlyCount "57"]
[EventDate "2021.??.??"]

1. e4 d5 2. exd5 Nf6 3. Nc3 Nxd5 4. Nxd5 Qxd5 5. Nf3 Bg4 6. Be2 e6 7. O-O Bc5
8. d4 Bd6 9. c3 O-O 10. Qc2 Nd7 11. Ng5 Nf6 12. Bxg4 g6 13. Bf3 Qb5 14. Ne4
Nxe4 15. Bxe4 Qh5 16. h3 Rab8 17. Be3 f5 18. Bf3 Qh4 19. Qd2 f4 20. c4 fxe3 21.
Qxe3 Bf4 22. Qxe6+ Kg7 23. g3 Qxh3 24. Qxh3 Bg5 25. Qd7+ Kh6 26. Rae1 Rxf3 27.
Re7 Kh5 28. Qh3+ Bh4 29. Qxh4# 1-0

[Event "BSF VM 2021-2022 Gr. C"]
[Site "Bergisch Gladbach"]
[Date "2021.11.19"]
[Round "3.3"]
[White "Nölle, Lisa"]
[Black "Hoferichter, Michael"]
[Result "0-1"]
[WhiteElo "1363"]
[BlackElo "1464"]
[PlyCount "66"]
[EventDate "2021.??.??"]

1. d4 d5 2. Bf4 Nf6 3. e3 Bf5 4. Nc3 Nc6 5. a3 a6 6. Nf3 e6 7. Bg5 Bd6 8. Bd3
Bxd3 9. cxd3 h6 10. Bh4 Be7 11. Ne5 Nxe5 12. dxe5 Nd7 13. Bg3 O-O 14. Qg4 c6
15. h4 Qe8 16. Bf4 f5 17. Qg3 Qh5 18. Kd2 Kh7 19. f3 Nc5 20. Kc2 Nd7 21. Qf2 c5
22. Ne2 Rac8 23. Kd2 Bd8 24. Rag1 Ba5+ 25. Kd1 c4 26. d4 c3 27. b4 c2+ 28. Kc1
Bd8 29. g4 fxg4 30. fxg4 Qg6 31. Kb2 Qd3 32. Rc1 Nb6 33. Qe1 Nc4+ 0-1

[Event "BSF VM 2021-2022 Gr. C"]
[Site "Bergisch Gladbach"]
[Date "2021.11.26"]
[Round "4.2"]
[White "Nölle, Michael"]
[Black "Nölle, Lisa"]
[Result "1/2-1/2"]
[WhiteElo "1464"]
[BlackElo "1363"]
[PlyCount "71"]
[EventDate "2021.??.??"]

1. d4 f5 2. Bf4 e6 3. e3 Nf6 4. Nd2 Bd6 5. Be5 O-O 6. Nc4 Bxe5 7. dxe5 Ne4 8.
Qh5 d5 9. exd6 cxd6 10. f3 Nf6 11. Qh3 e5 12. Qh4 b5 13. Na3 Qa5+ 14. c3 a6 15.
Bd3 Nc6 16. Ne2 Qb6 17. Kd2 Nd5 18. Nc2 Rf6 19. a4 Rh6 20. Qg5 Rg6 21. Qh5 Nf6
22. Qh3 f4 23. g4 Rh6 24. Qg2 Nd5 25. Qg1 Na5 26. Ra3 b4 27. cxb4 fxe3+ 28.
Nxe3 Qxb4+ 29. Kc2 Be6 30. Nxd5 Bxd5 31. Qe1 Qxe1 32. Rxe1 Rxh2 33. Bf5 g6 34.
Bd7 Rd8 35. Rd3 Rxd7 36. Rxd5 1/2-1/2

[Event "BSF VM 2021-2022 Gr. C"]
[Site "Bergisch Gladbach"]
[Date "2021.11.26"]
[Round "4.4"]
[White "Hoferichter, Michael"]
[Black "Zimmermann, Wolfgang"]
[Result "0-1"]
[WhiteElo "1464"]
[BlackElo "1261"]
[PlyCount "46"]
[EventDate "2021.??.??"]

1. e4 c5 2. Nc3 e5 3. Nf3 d6 4. h3 Nf6 5. Bc4 h6 6. O-O Be7 7. d3 O-O 8. Nd5
Nbd7 9. Nh4 Nxd5 10. Nf5 N5b6 11. Qg4 Bg5 12. h4 Nf6 13. Qg3 Bxf5 14. hxg5 Nh5
15. Qh2 Bg6 16. g4 Nf4 17. gxh6 Ne2+ 18. Kg2 Nxc1 19. Rh1 Qg5 20. h7+ Kh8 21.
Raxc1 Nxc4 22. b3 Qxg4+ 23. Kf1 Nd2+ 0-1

[Event "BSF VM 2021-2022 Gr. C"]
[Site "Bergisch Gladbach"]
[Date "2021.12.10"]
[Round "5.3"]
[White "Zimmermann, Wolfgang"]
[Black "Nölle, Michael"]
[Result "0-1"]
[WhiteElo "1261"]
[BlackElo "1464"]
[PlyCount "54"]
[EventDate "2021.??.??"]

1. d4 d5 2. c4 c6 3. e3 Bf5 4. Nf3 e6 5. Nc3 Bb4 6. Bd2 Nf6 7. a3 Bxc3 8. bxc3
Nbd7 9. cxd5 exd5 10. Be2 Ne4 11. O-O O-O 12. c4 Ndf6 13. Bb4 Re8 14. Nd2 a5
15. Nxe4 Nxe4 16. Be1 Qg5 17. Kh1 Re6 18. cxd5 Rg6 19. Rg1 cxd5 20. f4 Qh6 21.
Bh5 Rc6 22. g4 Bg6 23. Bxg6 Rxg6 24. g5 Qh3 25. Qe2 Rc8 26. Bxa5 Rgc6 27. Qg4
Nf2# 0-1

[Event "BSF VM 2021-2022 Gr. C"]
[Site "Bergisch Gladbach"]
[Date "2021.12.10"]
[Round "5.4"]
[White "Fittkau, Rolf"]
[Black "Hoferichter, Michael"]
[Result "0-1"]
[WhiteElo "1161"]
[BlackElo "1464"]
[PlyCount "72"]
[EventDate "2021.??.??"]

1. e4 c5 2. Nf3 Nc6 3. Bb5 d6 4. Bxc6+ bxc6 5. O-O Nf6 6. Re1 e5 7. d3 h6 8.
Nc3 Be7 9. h3 O-O 10. b3 Qc7 11. Bb2 Re8 12. Ne2 Bb7 13. Ng3 Bc8 14. Qd2 Nh7
15. Qe2 Bf6 16. c4 Re6 17. Nf5 Bd8 18. Bc1 g5 19. Nh2 Rf6 20. Ng4 Rg6 21.
Ngxh6+ Kf8 22. Ng4 Bxf5 23. exf5 Rg7 24. Qe4 Nf6 25. Nxf6 Bxf6 26. g4 Rh7 27.
Kg2 Ke7 28. Rb1 Qb7 29. Qe2 Rah8 30. Rh1 Rg8 31. Be3 Kd7 32. Qd2 Be7 33. Qc3 f6
34. a4 d5 35. cxd5 cxd5 36. Bxc5 d4+ 0-1

[Event "BSF VM 2021-2022 Gr. C"]
[Site "Bergisch Gladbach"]
[Date "2021.12.17"]
[Round "6.2"]
[White "Nölle, Lisa"]
[Black "Zimmermann, Wolfgang"]
[Result "1-0"]
[WhiteElo "1363"]
[BlackElo "1261"]
[PlyCount "65"]
[EventDate "2021.??.??"]

1. d4 Nf6 2. Bf4 c5 3. d5 d6 4. Nc3 a6 5. e4 e5 6. Bg5 Be7 7. Be2 O-O 8. h4 Bd7
9. f4 h6 10. fxe5 hxg5 11. exf6 Bxf6 12. hxg5 Bxc3+ 13. bxc3 Qxg5 14. Nf3 Qg3+
15. Kf1 f5 16. Rh3 Qg6 17. e5 f4 18. e6 Ba4 19. Bd3 Rf5 20. Qe2 Qf6 21. Bxf5
Qxf5 22. Re1 Qxc2 23. Qxc2 Bxc2 24. e7 Ba4 25. e8=Q+ Bxe8 26. Rxe8+ Kf7 27.
Rhh8 b5 28. Rxb8 Ra7 29. Ng5+ Kf6 30. Ne6 Ke5 31. Rh5+ Ke4 32. Ke2 Rf7 33. Ng5+
1-0

[Event "BSF VM 2021-2022 Gr. C"]
[Site "Bergisch Gladbach"]
[Date "2021.12.17"]
[Round "6.3"]
[White "Hoferichter, Michael"]
[Black "Melenk, Hartmut"]
[Result "1-0"]
[WhiteElo "1464"]
[BlackElo "822"]
[PlyCount "81"]
[EventDate "2021.??.??"]

1. d4 d5 2. c4 c5 3. e3 Nf6 4. Nc3 e6 5. Nf3 a6 6. cxd5 exd5 7. Be2 Bg4 8. Qa4+
Nc6 9. Ne5 Bxe2 10. Nxe2 Qa5+ 11. Qxa5 Nxa5 12. O-O Bd6 13. Nf3 O-O 14. b3 Ne4
15. Bb2 Rac8 16. Rac1 c4 17. Nc3 cxb3 18. axb3 Nxb3 19. Nxe4 dxe4 20. Rxc8 Rxc8
21. Ng5 f5 22. d5 h6 23. Ne6 b5 24. Nxg7 Rc2 25. Nxf5 Nd2 26. Rd1 Rxb2 27. Nxd6
Rb1 28. Rxb1 Nxb1 29. Nxe4 b4 30. Nc5 a5 31. d6 Kf8 32. Kf1 Nc3 33. Ke1 a4 34.
Kd2 a3 35. Nb3 Ne4+ 36. Kd3 Nxd6 37. Kd4 a2 38. Kc5 Ne4+ 39. Kxb4 Nd2 40. Na1
Ke7 41. Ka3 1-0

[Event "BSF VM 2021-2022 Gr. C"]
[Site "Bergisch Gladbach"]
[Date "2021.12.17"]
[Round "6.4"]
[White "Nölle, Michael"]
[Black "Fittkau, Rolf"]
[Result "1-0"]
[WhiteElo "1464"]
[BlackElo "1161"]
[PlyCount "47"]
[EventDate "2021.??.??"]

1. d4 d5 2. Bf4 c5 3. c3 Nc6 4. e3 Nf6 5. Nf3 Qb6 6. Qc2 cxd4 7. cxd4 g6 8. Nc3
Bf5 9. Qc1 Bg7 10. Bb5 Nd7 11. O-O O-O 12. a4 a5 13. Nxd5 Qd8 14. Bxc6 bxc6 15.
Qxc6 Be4 16. Ng5 Bxd5 17. Qxd5 e6 18. Qb3 Qe7 19. Ne4 Rfc8 20. Bd6 Qh4 21. f3
Ra6 22. Qb7 Rc2 23. Qxd7 Rac6 24. Qe8+ 1-0

[Event "BSF VM 2021-2022 Gr. C"]
[Site "Bergisch Gladbach"]
[Date "2022.02.04"]
[Round "7.3"]
[White "Fittkau, Rolf"]
[Black "Nölle, Lisa"]
[Result "0-1"]
[WhiteElo "1161"]
[BlackElo "1363"]
[Annotator "Roder,Stephan"]
[PlyCount "72"]
[EventDate "2021.??.??"]

1. c4 e6 2. g3 Be7 3. Bg2 a5 4. Nc3 Nf6 5. e4 d6 6. d3 e5 7. Nf3 h6 8. O-O Be6
9. Nd5 c6 10. Nxe7 Qxe7 11. b3 Nbd7 12. Ba3 c5 13. Rc1 Rd8 14. Re1 Nb8 15. Qd2
Qc7 16. Bb2 O-O 17. Bc3 Nc6 18. a3 b6 19. Rb1 Nh5 20. b4 f5 21. b5 Nd4 22. a4
f4 23. Qd1 Qf7 24. h3 fxg3 25. Rf1 Nxf3+ {Die Partie wurde laut Notation mit
einem ungültigen Zug und weiteren folgenden Zügen weitergespielt 26. fxg3
Dg6 27. Txf3 Txf3 28. Dxf3 Tf8 29.Dd1 Dxg3 30. Dxh5 Dxd3 31. Tc1 De+ 32. Kh2
Dxc1 33. Lxe5 dxe5 34. Dxe5 Df4+ 35. Dxf4 Txf4} 26. Qxf3 Qg6 27. Qd1 gxf2+ 28.
Rxf2 Rxf2 29. Kxf2 Rf8+ 30. Kg1 Qg3 31. Qxh5 Qxd3 32. Rc1 Qe3+ 33. Kh2 Qxc1 34.
Bxe5 dxe5 35. Qxe5 Qf4+ 36. Qxf4 Rxf4 {Evtl. war dies jedoch die gespielte
Variante ab Zug 26.} 0-1

[Event "BSF VM 2021-2022 Gr. C"]
[Site "Bergisch Gladbach"]
[Date "2022.02.04"]
[Round "7.4"]
[White "Melenk, Hartmut"]
[Black "Nölle, Michael"]
[Result "0-1"]
[WhiteElo "822"]
[BlackElo "1464"]
[PlyCount "60"]
[EventDate "2021.??.??"]

1. c4 f5 2. Nf3 Nf6 3. g3 e6 4. Bg2 Be7 5. d3 c6 6. O-O d5 7. b3 Nbd7 8. Nc3
Ng4 9. Re1 Bf6 10. Bb2 h5 11. e4 Nde5 12. exf5 Bd7 13. d4 Nxf3+ 14. Qxf3 O-O
15. fxe6 Bc8 16. h3 Be7 17. Qe2 Rxf2 18. Qd1 Qd6 19. Ne2 Ne3 20. Qd3 Rxg2+ 21.
Kh1 Qxe6 22. Nf4 Qe4 23. Qxe4 dxe4 24. Rxe3 Rxb2 25. Rxe4 Bf6 26. Re2 Rxe2 27.
Nxe2 Bxh3 28. Nf4 Bg4 29. Re1 Bxd4 30. Ng6 Kh7 0-1